000 00951nas a2200325 4500
001 BR0600570
003 BR-BrBNA
005 20231205105820.0
007 ta
008 230509b bl.|||p| |||| 00| 00por d
040 _aBR-BrBNA
_bpor
_cBiblioteca Nacional de Agricultura
041 _a(Pt)
072 _aL51
100 1 _aSchmidt, M.
100 1 _aGomes, P.C.
100 1 _aRostagno, H.S.
100 1 _aAlbino, L.F.T.
100 1 _aCupertino, E.S.
245 1 _aNíveis nutricionais de cobre para frangos de corte machos e fêmeas na fase inicial
650 _aFRANGO DE CORTE
650 _aDIETA
650 _aMILHO
650 _aFARINHA DE SOJA
650 _aFARELO
650 _aPRODUÇÃO ANIMAL
650 _aRAÇÃO BALANCEADA
773 0 _tRevista Brasileira de Zootecnia (Brazil)
_xISSN 1516-3598
_g(Sep-Oct 2005), v. 34(5) p. 1599-1605
_wBR0600570
909 _a202311
_bLúcia
_c55
_dLúcia Elande
942 _2AGRIS
_n0
_cANA
999 _c184817
_d184817